Himnos, epigramas y fragmentos / (Record no. 173559)

MARC details
000 -LEADER
campo de control de longitud fija 00919nam a2200277 i 4500
001 - NÚMERO DE CONTROL
campo de control 173559
003 - IDENTIFICADOR DE NÚMERO DE CONTROL
campo de control ES-MaACL
005 - FECHA Y HORA DE LA ÚLTIMA TRANSACCIÓN
campo de control 20250618124651.0
008 - DATOS DE LONGITUD FIJA--INFORMACIÓN GENERAL
campo de control de longitud fija 091207s1980 sp |||| |dspa d
020 ## - NÚMERO INTERNACIONAL ESTÁNDAR DEL LIBRO
Número Internacional Estándar del Libro 84-249-3549-7
080 ## - NÚMERO DE LA CLASIFICACIÓN DECIMAL UNIVERSAL
Número de la Clasificación Decimal Universal 821.14-193.2"-02"
080 ## - NÚMERO DE LA CLASIFICACIÓN DECIMAL UNIVERSAL
Número de la Clasificación Decimal Universal 821.14-14"-02"
100 0# - ENTRADA PRINCIPAL--NOMBRE DE PERSONA
Nombre de persona Calímaco.
9 (RLIN) 33673
245 10 - MENCIÓN DEL TÍTULO
Título Himnos, epigramas y fragmentos /
Mención de responsabilidad, etc. Calímaco ; introducciones, traducción y notas de Luis Alberto de Cuenca y Prado y Máximo Brioso Sánchez.
246 30 - FORMA VARIANTE DEL TITULO
Título propio/Titulo breve Epigramas
260 ## - PUBLICACIÓN, DISTRIBUCIÓN, ETC.
Lugar de publicación, distribución, etc. Madrid :
Nombre del editor, distribuidor, etc. Gredos,
Fecha de publicación, distribución, etc. [1980]
300 ## - DESCRIPCIÓN FÍSICA
Extensión 318 p. ;
Dimensiones 20 cm.
490 1# - MENCIÓN DE SERIE
Mención de serie Biblioteca clásica Gredos ;
Designación de volumen o secuencia 33
500 ## - NOTA GENERAL
Nota general Índice.
504 ## - NOTA DE BIBLIOGRAFÍA, ETC.
Nota de bibliografía, etc. Bibliografía: p. [25]-30.
700 1# - ENTRADA AGREGADA--NOMBRE PERSONAL
Nombre de persona Cuenca, Luis Alberto de,
Fechas asociadas al nombre 1950-
9 (RLIN) 240908
700 1# - ENTRADA AGREGADA--NOMBRE PERSONAL
Nombre de persona Brioso Sánchez, Máximo.
9 (RLIN) 31778
830 0# - PUNTO DE ACCESO ADICIONAL DE SERIE-TÍTULO UNIFORME
Título uniforme Biblioteca clásica Gredos ;
Designación de volumen o secuencia 33
9 (RLIN) 177556
852 ## - LOCALIZACIÓN
Ubicación ES-MaACL
Número de control de estantería C-57043
Holdings
Estatus retirado Estado de pérdida Estado de daño No para préstamo Biblioteca de origen Biblioteca actual Ubicación en estantería Fecha de adquisición Fuente de adquisición Total de préstamos Signatura topográfica completa Código de barras Visto por última vez Precio de reemplazo Tipo de ítem Koha
        Biblioteca del Ateneo de Madrid Biblioteca del Ateneo de Madrid Depósito 2 07/12/2009     C-57043 1182137 23/02/2023 23/02/2023 Libro impreso